| 000 | 004380000a22001690004500 | ||
|---|---|---|---|
| 003 | MACL | ||
| 005 | 20160106165037.0 | ||
| 008 | 160106b xxu||||| |||| 00| 0 eng d | ||
| 040 |
_aMACL _cMACL |
||
| 041 | _aEnglish | ||
| 082 | _a860.9/KEL | ||
| 100 |
_aFitzmaurice, James _928968 |
||
| 245 | _aA History of Spanish Literature | ||
| 260 |
_bWilliam Heinemann _c1898 _aLondon |
||
| 650 |
_aLiterature _928969 |
||
| 942 |
_cBK _k860.9/KEL _2ddc |
||
| 999 |
_c37298 _d37298 |
||